Reading
To understand all the documents you come across at work you need to practise reading different kinds of text.
Saved in:
| Main Author: | |
|---|---|
| Format: | Book |
| Language: | Undetermined |
| Published: |
Thành phố Hồ Chí Minh
Tổng hợp
2014
|
| Subjects: | |
| Tags: |
Add Tag
No Tags, Be the first to tag this record!
|
| Institutions: | Trung tâm Học liệu Trường Đại học Cần Thơ |
|---|
| LEADER | 00862nam a2200217Ia 4500 | ||
|---|---|---|---|
| 001 | CTU_202334 | ||
| 008 | 210402s9999 xx 000 0 und d | ||
| 020 | |c 148000 | ||
| 082 | |a 428.2402465 | ||
| 082 | |b O.81 | ||
| 100 | |a Osborn, Anna | ||
| 245 | 0 | |a Reading | |
| 245 | 0 | |c Anna Osborn | |
| 260 | |a Thành phố Hồ Chí Minh | ||
| 260 | |b Tổng hợp | ||
| 260 | |c 2014 | ||
| 520 | |a To understand all the documents you come across at work you need to practise reading different kinds of text. | ||
| 650 | |a English language,Tiếng Anh,Reading,English language,Tiếng Anh | ||
| 650 | |x Business English,Tiếng Anh thương mại,Đoc hiểu,Business English,Problems, exercises, etc.,Tiếng Anh thương mại,Câu hỏi, bài tập,vv | ||
| 904 | |i Tuyến | ||
| 980 | |a Trung tâm Học liệu Trường Đại học Cần Thơ | ||